Relaciones laborales: una visión unificadora
Kaydedildi:
| Yazar: | |
|---|---|
| Materyal Türü: | Kitap |
| Dil: | İspanyolca |
| Baskı/Yayın Bilgisi: |
Montevideo
Editorial B de F
2010
Buenos Aires Euros Editores 2010 |
| Edisyon: | 1a. ed |
| Konular: | |
| Etiketler: |
Etiketle
Etiket eklenmemiş, İlk siz ekleyin!
|
MARC
| LEADER | 00000cam a2200000 a 4500 | ||
|---|---|---|---|
| 001 | UCE8401 | ||
| 003 | CL-VaPUC | ||
| 008 | 150731e20100000uy |||||||||||||||||spa|d | ||
| 020 | |a 9789974676565 | ||
| 082 | 0 | 4 | |a 344.0101 |b RAM |2 21 |
| 100 | 0 | |a Ramírez, Luis Enrique |e author |9 581121 | |
| 245 | 1 | 0 | |a Relaciones laborales: una visión unificadora |
| 250 | |a 1a. ed | ||
| 300 | |a 452 p | ||
| 942 | |c BK | ||
| 945 | |d 20150731 12:25:00 |a gsalatino | ||
| 260 | |a Montevideo |b Editorial B de F |c 2010 | ||
| 260 | |a Buenos Aires |b Euros Editores |c 2010 | ||
| 650 | 7 | |a DERECHO LABORAL |2 CL-VaPUC |9 15 | |
| 650 | 7 | |a PROTECCION |2 CL-VaPUC |9 581122 | |
| 650 | 7 | |a SINDICALISMO |2 CL-VaPUC |9 581123 | |
| 583 | |a last modification |c 20150731 12:25:00 |k Rodrigo Vera | ||
| 999 | |c 360271 |d 360269 | ||
| 952 | |0 0 |1 0 |3 erb |4 0 |6 344_010100000000000_RAM_2010_2010 |7 0 |8 A |9 469979 |a BIBDER |b BIBDER |i 5191920 |o 344.0101 RAM 2010 2010 |p 5191920 |r 2023-01-25 |w 2019-11-23 |y BK |z Catalogado en:20150731 |k DER | ||